|
|
|
|
| LEADER |
01132nam a2200265 a 4500 |
| 001 |
4079151 |
| 008 |
091220s1972 ohua b 000 0 eng d |
| 010 |
|
|
|a \\\72080063
|
| 020 |
|
|
|a 0675091268
|
| 040 |
|
|
|a DLC
|c DLC
|d DLC
|d BD-DhAAL
|
| 082 |
0 |
0 |
|a 370.19/0973
|
| 100 |
1 |
|
|a Erickson, Edsel L.,
|e comp.
|
| 245 |
1 |
0 |
|a Social change, conflict and education :
|b a foundations text and reader /
|c by Edsel L. Erickson, Clifford E. Bryan and Lewis Walker.
|
| 260 |
|
|
|a Columbus, Ohio :
|b Merrill,
|c 1972.
|
| 300 |
|
|
|a vii, 488 p. :
|b ill. ;
|c 23 cm.
|
| 490 |
0 |
|
|a Coordinated teacher preparation series
|
| 504 |
|
|
|a Includes bibliographies.
|
| 541 |
1 |
|
|e 00009675
|
| 650 |
|
0 |
|a Education and state
|z United States.
|
| 650 |
|
0 |
|a Education
|z United States.
|
| 700 |
1 |
|
|a Bryan, Clifford E.,
|e joint comp.
|
| 700 |
1 |
|
|a Walker, Lewis,
|d 1936-
|e joint comp.
|
| 852 |
4 |
|
|a Ayesha Abed Library
|j General shelf
|
| 999 |
|
|
|c 6287
|d 6287
|
| 952 |
|
|
|0 0
|1 0
|2 ddc
|4 0
|6 370_190973000000000_ERI_1972
|7 0
|9 6325
|a BRACUL
|b BRACUL
|c GEN
|d 2009-12-21
|g 0.00
|l 1
|m 19
|o 370.190973 ERI
|p 3010009675
|r 2019-04-23
|s 2018-10-15
|t 1
|w 2009-12-21
|y BK
|x No price found in the accession register.
|